<?xml version="1.0" encoding="UTF-8"?>
<record
    xmlns:xsi="http://www.w3.org/2001/XMLSchema-instance"
    xsi:schemaLocation="http://www.loc.gov/MARC21/slim http://www.loc.gov/standards/marcxml/schema/MARC21slim.xsd"
    xmlns="http://www.loc.gov/MARC21/slim">

  <leader>01543nam a22003015a 4500</leader>
  <controlfield tag="003">EG-ScBUE</controlfield>
  <controlfield tag="005">20220328123037.0</controlfield>
  <controlfield tag="008">190505s2019    ua     f      000 f ara d</controlfield>
  <datafield tag="017" ind1=" " ind2=" ">
    <subfield code="a">2018 / 23448</subfield>
  </datafield>
  <datafield tag="020" ind1=" " ind2=" ">
    <subfield code="a">9789778200614</subfield>
  </datafield>
  <datafield tag="040" ind1=" " ind2=" ">
    <subfield code="a">EG-ScBUE</subfield>
    <subfield code="b">ara</subfield>
    <subfield code="e">rda</subfield>
    <subfield code="c">EG-ScBUE</subfield>
    <subfield code="d">EG-ScBUE</subfield>
  </datafield>
  <datafield tag="082" ind1="0" ind2="4">
    <subfield code="a">892.736</subfield>
    <subfield code="b">&#x62A; &#x648; &#x641;</subfield>
    <subfield code="2">22</subfield>
  </datafield>
  <datafield tag="100" ind1="1" ind2=" ">
    <subfield code="a">&#x62A;&#x648;&#x641;&#x64A;&#x642;&#x60C; &#x623;&#x62D;&#x645;&#x62F; &#x62E;&#x627;&#x644;&#x62F;&#x60C;</subfield>
    <subfield code="d">1962-2018&#x60C;</subfield>
    <subfield code="e">&#x645;&#x624;&#x644;&#x641;.</subfield>
    <subfield code="9">40942</subfield>
  </datafield>
  <datafield tag="245" ind1="1" ind2="0">
    <subfield code="a">&#x642;&#x648;&#x633; &#x642;&#x632;&#x62D; /</subfield>
    <subfield code="c">&#x62A;&#x623;&#x644;&#x64A;&#x641; &#x62F;. &#x623;&#x62D;&#x645;&#x62F; &#x62E;&#x627;&#x644;&#x62F; &#x62A;&#x648;&#x641;&#x64A;&#x642;&#x60C; &#x62F;. &#x62A;&#x627;&#x645;&#x631; &#x625;&#x628;&#x631;&#x627;&#x647;&#x64A;&#x645;.</subfield>
  </datafield>
  <datafield tag="250" ind1=" " ind2=" ">
    <subfield code="a">&#x627;&#x644;&#x637;&#x628;&#x639;&#x629; &#x627;&#x644;&#x623;&#x648;&#x644;&#x649;.</subfield>
  </datafield>
  <datafield tag="264" ind1=" " ind2="1">
    <subfield code="a">&#x627;&#x644;&#x62C;&#x64A;&#x632;&#x629;&#x60C; &#x645;&#x635;&#x631; :</subfield>
    <subfield code="b">&#x643;&#x64A;&#x627;&#x646; &#x644;&#x644;&#x646;&#x634;&#x631; &#x648;&#x627;&#x644;&#x62A;&#x648;&#x632;&#x64A;&#x639;&#x60C;</subfield>
    <subfield code="c">2019.</subfield>
  </datafield>
  <datafield tag="300" ind1=" " ind2=" ">
    <subfield code="a">137 &#x635;&#x641;&#x62D;&#x629; &#x61B;</subfield>
    <subfield code="c">20 &#x633;&#x645;</subfield>
  </datafield>
  <datafield tag="336" ind1=" " ind2=" ">
    <subfield code="2">rdacontent</subfield>
    <subfield code="a">&#x646;&#x635;</subfield>
    <subfield code="b">txt</subfield>
  </datafield>
  <datafield tag="337" ind1=" " ind2=" ">
    <subfield code="2">rdamedia</subfield>
    <subfield code="a">&#x628;&#x62F;&#x648;&#x646; &#x648;&#x633;&#x64A;&#x637;</subfield>
    <subfield code="b">n</subfield>
  </datafield>
  <datafield tag="338" ind1=" " ind2=" ">
    <subfield code="2">rdacarrier</subfield>
    <subfield code="a">&#x645;&#x62C;&#x644;&#x62F;</subfield>
    <subfield code="b">nc</subfield>
  </datafield>
  <datafield tag="520" ind1=" " ind2=" ">
    <subfield code="a">&#x623;&#x62D;&#x645;&#x631; ..&#x628;&#x631;&#x62A;&#x642;&#x627;&#x644;&#x649; .. &#x623;&#x635;&#x641;&#x631; .. &#x623;&#x62E;&#x636;&#x631; ..&#x623;&#x632;&#x631;&#x642; .. &#x646;&#x64A;&#x644;&#x649; .. &#x628;&#x646;&#x641;&#x633;&#x62C;&#x649;.
&#x627;&#x644;&#x64A;&#x648;&#x645; &#x646;&#x62D;&#x643;&#x649; &#x644;&#x643; &#x643;&#x64A;&#x641; &#x623;&#x646; &#x642;&#x648;&#x633; &#x627;&#x644;&#x642;&#x632;&#x62D; &#x642;&#x62F; &#x64A;&#x643;&#x648;&#x646; &#x645;&#x62E;&#x64A;&#x641;&#x627; ..
&#x643;&#x64A;&#x641; &#x62A;&#x635;&#x64A;&#x631; &#x627;&#x644;&#x623;&#x644;&#x648;&#x627;&#x646; &#x645;&#x631;&#x639;&#x628;&#x629; &#x623;&#x648; &#x639;&#x644;&#x649; &#x623;&#x642;&#x644; &#x62A;&#x642;&#x62F;&#x64A;&#x631; &#x644;&#x64A;&#x633;&#x62A; &#x643;&#x645;&#x627; &#x648;&#x62C;&#x62F;&#x62A; &#x641;&#x649; &#x62E;&#x64A;&#x627;&#x644;&#x627;&#x62A; &#x637;&#x641;&#x648;&#x644;&#x62A;&#x646;&#x627; ..
&#x623;&#x62D;&#x645;&#x631; ..&#x628;&#x631;&#x62A;&#x642;&#x627;&#x644;&#x649; .. &#x623;&#x635;&#x641;&#x631; .. &#x623;&#x62E;&#x636;&#x631; ..&#x623;&#x632;&#x631;&#x642; .. &#x646;&#x64A;&#x644;&#x649; .. &#x628;&#x646;&#x641;&#x633;&#x62C;&#x649;.&#x642;&#x648;&#x633; &#x642;&#x632;&#x62D; ..
&#x648;&#x633;&#x628;&#x639; &#x642;&#x635;&#x635; &#x62A;&#x62D;&#x643;&#x64A; &#x639;&#x646; &#x627;&#x644;&#x623;&#x644;&#x648;&#x627;&#x646; &#x633;&#x628;&#x639; &#x62D;&#x643;&#x627;&#x64A;&#x627;&#x62A; &#x639;&#x646; &#x642;&#x648;&#x633; &#x642;&#x632;&#x62D;</subfield>
  </datafield>
  <datafield tag="650" ind1=" " ind2="7">
    <subfield code="a">&#x627;&#x644;&#x642;&#x635;&#x635; &#x627;&#x644;&#x639;&#x631;&#x628;&#x64A;&#x629;</subfield>
    <subfield code="y">&#x642;&#x631;&#x646; 21.</subfield>
    <subfield code="2">BUEsh</subfield>
  </datafield>
  <datafield tag="651" ind1=" " ind2=" ">
    <subfield code="2">BUEsh</subfield>
  </datafield>
  <datafield tag="653" ind1=" " ind2=" ">
    <subfield code="b">ARALIT</subfield>
    <subfield code="b">GGEN</subfield>
    <subfield code="c">May2019</subfield>
  </datafield>
  <datafield tag="655" ind1=" " ind2=" ">
    <subfield code="v">Reading book</subfield>
    <subfield code="9">34232</subfield>
  </datafield>
  <datafield tag="700" ind1="1" ind2=" ">
    <subfield code="a">&#x625;&#x628;&#x631;&#x627;&#x647;&#x64A;&#x645;&#x60C; &#x62A;&#x627;&#x645;&#x631;&#x60C;</subfield>
    <subfield code="e">&#x645;&#x624;&#x644;&#x641;.</subfield>
  </datafield>
  <datafield tag="942" ind1=" " ind2=" ">
    <subfield code="2">ddc</subfield>
  </datafield>
  <datafield tag="999" ind1=" " ind2=" ">
    <subfield code="c">27433</subfield>
    <subfield code="d">27404</subfield>
  </datafield>
  <datafield tag="952" ind1=" " ind2=" ">
    <subfield code="0">0</subfield>
    <subfield code="1">0</subfield>
    <subfield code="2">ddc</subfield>
    <subfield code="4">0</subfield>
    <subfield code="7">0</subfield>
    <subfield code="8">Alahram</subfield>
    <subfield code="a">MAIN</subfield>
    <subfield code="b">MAIN</subfield>
    <subfield code="c">Group Study Rooms</subfield>
    <subfield code="d">2019-05-05</subfield>
    <subfield code="e">Purchase</subfield>
    <subfield code="g">40.00</subfield>
    <subfield code="h">529</subfield>
    <subfield code="o">892.736 &#x62A; &#x648; &#x641;</subfield>
    <subfield code="p">000044636</subfield>
    <subfield code="q">2025-05-27</subfield>
    <subfield code="r">2025-05-20 00:00:00</subfield>
    <subfield code="s">2025-05-20</subfield>
    <subfield code="v">50.00</subfield>
    <subfield code="y">BB</subfield>
    <subfield code="z">Room (M) - &#x623;&#x62D;&#x645;&#x62F; &#x62E;&#x627;&#x644;&#x62F; &#x62A;&#x648;&#x641;&#x64A;&#x642;</subfield>
  </datafield>
</record>
